000 00733nam a2200241 i 4500
001 46749
003 ES-MaACL
005 20230906161436.0
007 t|
008 030331s1979 sp ||||1| spa d
100 1 _aConley, Robert T.
_940196
245 1 0 _aEspectroscopia infrarroja /
_cRobert T. Conley ; versión de J. Calderón Martínez, R. Avendaño Ruiz.
250 _a[1ª ed.].
260 _a[Madrid] :
_bAlhambra,
_c[1979]
300 _aVIII, 346 p. :
_bil. ;
_c24 cm.
490 1 _aVertix
700 1 _aCalderón Martínez, J.
_933621
700 1 _aAvendaño Ruiz, R.
_924018
830 0 _aVertix
_9180780
852 _aES-MaACL
_jA-10731
_bR.99881
852 _aES-MaACL
_jA-10847
_bR.100091
999 _c46749
_d46749